American Shows by Supporting Character #3 - Statistics

General Stats
  • This quiz has been taken 13 times
  • The average score is 10 of 20
Answer Stats
Character Show % Correct
Jesse Pinkman Breaking Bad
88%
Cleveland Brown Family Guy
88%
Miss Piggy The Muppet Show
88%
Apu Nahasapeemapetilon The Simpsons
88%
Joffrey Baratheon Game of Thrones
75%
J. R. Ewing Dallas
63%
Claire Dunphy Modern Family
63%
Will Byers Stranger Things
63%
Penny The Big Bang Theory
63%
Roger the Alien American Dad!
50%
James Doakes Dexter
50%
Omar Little The Wire
50%
Captain Holt Brooklyn Nine-Nine
25%
Janice Litman-Goralnik Friends
25%
Nurse Ann Perkins Parks and Recreation
25%
Christopher Turk Scrubs
25%
Nyota Uhura Star Trek
25%
Jackie Burkhart That '70s Show
25%
Frank Reynolds It's Always Sunny in Philadelphia
13%
Lt. "Faceman" Peck The A-Team
13%
No matching quizzes found
Score Distribution
Percent of People with Each Score
Percentile by Number Answered
Your Score History
You have not taken this quiz